Proyecto de ley de bancos

Uloženo v:
Podrobná bibliografie
Hlavní autor: Ross, Agustín (Autor)
Médium: Kniha
Jazyk:španělština
Vydáno: Valparaíso Universo 1913
Témata:
Tagy: Přidat tag
Žádné tagy, Buďte první, kdo vytvoří štítek k tomuto záznamu!

MARC

LEADER 00000nam a2200000 a 4500
001 UCR4311
003 CL-VaPUC
008 980307e19130000CL |||||||||||||||||spa|d
082 0 4 |a 349.83  |b ROS  |2 21 
100 0 |a Ross, Agustín  |e author  |9 404200 
245 1 0 |a Proyecto de ley de bancos 
300 |a 158 p 
942 |c BK 
945 |d 19980307 00:00:00  |a crobeson 
260 |a Valparaíso  |b Universo  |c 1913 
650 7 |a LEGISLACION CHILENA  |2 CL-VaPUC  |9 404063 
650 7 |a PROMULGACION DE LA LEY  |2 CL-VaPUC  |9 377466 
650 0 |a Bancos  |9 254963 
650 7 |a REGLAMENTACION  |2 CL-VaPUC  |9 337393 
650 0 |a Acciones  |9 334173 
650 0 |a Insolvencia  |9 391688 
650 0 |a Moneda  |9 342365 
650 0 |a Dividendos  |9 374078 
650 7 |a DOCUMENTOS BANCARIOS  |2 CL-VaPUC  |9 368023 
651 7 |a CHILE  |2 CL-VaPUC  |9 404201 
583 |a last modification  |c 19980307 00:00:00  |k Rodrigo Vera 
999 |c 267257  |d 267255 
952 |0 0  |1 0  |4 0  |6 349_830000000000000_ROS_1913  |7 0  |8 X  |9 299521  |a BIBDER  |b BIBDER  |d 2019-11-20  |i 1949470  |o 349.83 ROS 1913  |p 1949470  |r 2023-01-25  |w 2019-11-20  |y BK_X  |k DER